Contratación administrativa e igualdad de los Oferentes en Chile.
Guardat en:
| Autor principal: | |
|---|---|
| Format: | Desconegut |
| Publicat: |
Santiago, Chile:
Ius Civile,
2022.
|
| Edició: | Primera edición |
| Matèries: | |
| Etiquetes: |
Afegir etiqueta
Sense etiquetes, Sigues el primer a etiquetar aquest registre!
|
MARC
| LEADER | 00000 a2200000 4500 | ||
|---|---|---|---|
| 003 | CL-VaPUC | ||
| 005 | 20230102142500.0 | ||
| 008 | 221121t2022 ||||| |||| 00| 0 eng d | ||
| 999 | |c 439290 |d 439288 | ||
| 020 | |a 978-956-9050-21-3 | ||
| 040 | |c Pontificia Universidad Católica de Valparaíso | ||
| 082 | |2 22 |a 342.8306 COT 2022 | ||
| 100 | |a Cotroneo Ormeño, Carola Paz |9 878313 |e autora | ||
| 245 | |a Contratación administrativa e igualdad de los Oferentes en Chile. | ||
| 250 | |a Primera edición | ||
| 260 | |a Santiago, Chile: |b Ius Civile, |c 2022. | ||
| 300 | |a 265 páginas. | ||
| 583 | |k GC |c 20221121 | ||
| 650 | 0 | |9 391238 |a Administración del Estado |x Contratos |z Chile | |
| 650 | 0 | |9 254851 |a Derecho administrativo |x Contratos |x Principio de igualdad |z Chile | |
| 650 | 0 | |9 256130 |a Contratos administrativos |x Ley 19886 |z Chile | |
| 942 | |2 ddc |c BK | ||
| 952 | |0 0 |1 0 |2 ddc |4 0 |6 342_830600000000000_COT_2022 |7 0 |8 A |9 587835 |a BIBDER |b BIBDER |c GEN |d 2022-11-18 |e 22 |g 50000.00 |i 5655703 |o 342.8306 COT 2022 |p 5655703 |r 2023-01-25 |t 1 |v 50000.00 |w 2022-11-18 |y BK |k DER | ||